| 000 | 00953cam a2200265 a 4500 | ||
|---|---|---|---|
| 001 | 3092987 | ||
| 005 | 20250124131820.0 | ||
| 008 | 980213s1997 enka d 000 0 eng | ||
| 020 | _a0192800469 | ||
| 050 | 0 | 0 |
_aQA76.15 _b.D526 1997 |
| 082 | 0 | 0 |
_a004/.03 _221 |
| 245 | 1 | 2 | _aA dictionary of computing. |
| 250 | _a4th ed. | ||
| 260 |
_aOxford ; _aNew York : _bOxford University Press, _c1997. |
||
| 300 |
_a550 p. : _bill. ; _c20 cm. |
||
| 500 | _aGeneral editor: Valerie Illingworth. | ||
| 500 | _a"With corrections"--Verso t.p. | ||
| 650 | 0 |
_aElectronic data processing _vDictionaries. |
|
| 650 | 0 |
_aComputers _vDictionaries. |
|
| 650 | 0 |
_aComputer science _vDictionaries. |
|
| 700 | 1 | _aIllingworth, Valerie. | |
| 856 | 4 | 2 |
_3Publisher description _uhttp://www.loc.gov/catdir/enhancements/fy0636/98114667-d.html |
| 856 | 4 | 2 |
_3Contributor biographical information _uhttp://www.loc.gov/catdir/enhancements/fy0724/98114667-b.html |
| 942 |
_2lcc _cBK _n0 |
||
| 999 |
_c3021 _d3021 |
||